|
|
|
|
| LEADER |
00703nam a2200145Ia 4500 |
| 008 |
150624b xxu||||| |||| 00| 0 eng d |
| 082 |
|
|
|a 306.83
|
| 100 |
|
|
|a Leela, Dube
|
| 245 |
|
|
|a Sociology of kinship:
|b analytical survey of literature /
|c Dube Leela
|
| 260 |
|
|
|a Bombay :
|b Popular Prakashan Publishers,
|c 1974.
|
| 300 |
|
|
|a 143 p.
|
| 505 |
|
|
|a 1. Kinship in tribal studies 2. Studies of castes and communities 3. Some comparative and analytical studies of kinship 4. Sociology of the family 5. Needed research: some suggestions.
|
| 942 |
|
|
|c BK
|
| 999 |
|
|
|c 43096
|d 43096
|
| 952 |
|
|
|0 0
|1 0
|4 0
|6 306_830000000000000_LEE_S
|7 0
|9 43090
|a UL
|b UL
|c ST1
|d 1998-08-28
|l 2
|o 306.83 LEE/S
|p 63212
|r 2019-02-02
|s 2018-11-14
|w 2012-10-27
|y BK
|